Principles of forecasting: a handbook for researchers and practitionersInternational series in Operations Research and Management Science
Gardado en:
| Autor Principal: | |
|---|---|
| Formato: | Libro |
| Idioma: | inglés |
| Publicado: |
Boston
Kluwer Academic
2001
|
| Subjects: | |
| Tags: |
Engadir etiqueta
Sen Etiquetas, Sexa o primeiro en etiquetar este rexistro!
|
MARC
| LEADER | 00000nam a2200000 a 4500 | ||
|---|---|---|---|
| 001 | UCN8213 | ||
| 003 | CL-VaPUC | ||
| 008 | 011109e20010000US |||||||||||||||||eng|d | ||
| 082 | 0 | 4 | |a 003.2 |b ARM |2 21 |
| 100 | 0 | |a Armstrong, J. Scott |e author |9 464475 | |
| 245 | 1 | 0 | |a Principles of forecasting: a handbook for researchers and practitionersInternational series in Operations Research and Management Science |
| 300 | |a 849 p | ||
| 942 | |c BK | ||
| 945 | |d 20011109 00:00:00 |a cmena | ||
| 260 | |a Boston |b Kluwer Academic |c 2001 | ||
| 650 | 7 | |a COMPUTACION - PREDICCIONES |2 CL-VaPUC |9 464476 | |
| 650 | 0 | |a Investigación de operaciones |9 356906 | |
| 650 | 0 | |a Análisis de sistemas |9 260059 | |
| 650 | 0 | |a Gestión de la información |9 362327 | |
| 650 | 7 | |a COMPUTACION |2 CL-VaPUC |9 350582 | |
| 583 | |a last modification |c 20011109 00:00:00 |k Rodrigo Vera | ||
| 999 | |c 298239 |d 298237 | ||
| 952 | |0 0 |1 0 |4 0 |6 003_200000000000000_ARM_2001 |7 0 |8 A |9 353721 |a BIBING |b BIBING |d 2019-11-21 |i 376947K |o 003.2 ARM 2001 |p 376947K |r 2024-01-25 |w 2019-11-21 |y BK |k EII | ||